00202nam a2200073Ia 4500008004100000100001900041245004800060260002000108170524s9999 xx 000 0 und d aDIVIVEDI- R.S. 0aHUMAN RELATIONS AND ORGANIZATIONAL BEHAVIOR bNEW DELHI : TMH